Desarrollo y política económica en economías minero-exportadoras / (Registro nro. 12409)
[ vista simple ]
| 000 -LEADER | |
|---|---|
| fixed length control field | 01767nam a2200229Ia 4500 |
| 003 - CONTROL NUMBER IDENTIFIER | |
| control field | OSt |
| 005 - DATE AND TIME OF LATEST TRANSACTION | |
| control field | 20210909163434.0 |
| 008 - FIXED-LENGTH DATA ELEMENTS--GENERAL INFORMATION | |
| fixed length control field | 210310s1986 ck ad gr 000 0 spa d |
| 040 ## - CATALOGING SOURCE | |
| Original cataloging agency | CO-JMCR |
| Transcribing agency | CO-JMCR |
| 041 0# - LANGUAGE CODE | |
| Language code of text/sound track or separate title | spa |
| 082 04 - DEWEY DECIMAL CLASSIFICATION NUMBER | |
| Classification number | 338.23 / |
| Item number | F467d |
| Edition number | 23 |
| 100 1# - MAIN ENTRY--PERSONAL NAME | |
| Personal name | Flórez E., Luis B., |
| Relator term | autor |
| 9 (RLIN) | 28153 |
| 245 10 - TITLE STATEMENT | |
| Title | Desarrollo y política económica en economías minero-exportadoras / |
| Statement of responsibility, etc. | Luis E. Flórez E. |
| 260 ## - PUBLICATION, DISTRIBUTION, ETC. | |
| Place of publication, distribution, etc. | Bogotá : |
| Name of publisher, distributor, etc. | Centro de Investigaciones para el Desarrollo, |
| Date of publication, distribution, etc. | 1986. |
| 300 ## - PHYSICAL DESCRIPTION | |
| Extent | 140 páginas ; |
| Dimensions | 24 cm. |
| 505 0# - FORMATTED CONTENTS NOTE | |
| Formatted contents note | Estructura y procesos económicos en economía minero-explotadoras. -- Perú: riqueza minera y estacionamiento económico. -- Venezuela: petróleo, acumulación y crisis. -- Canadá: minería y desarrollo. -- Economía y política del sector minero. |
| 520 0# - SUMMARY, ETC. | |
| Summary, etc. | Este libro es, ante todo, una invitación a reflexionar sobre el manejo y la utilización de la riqueza minera de los países. Con base en un examen detallado de las características internacionales y de las políticas aplicadas en distintos países, el autor nos invita a rescatar lecciones positivas y evitar reiterar errores que, en otras partes, han impedido que las riquezas naturales se pongan al servicio del desarrollo económico y social.<br/>El autor es Economista de la Universidad Nacional y Master del Institute of Social Studies. Ha sido Decano de la Facultad de Ciencias Económicas de la Universidad Nacional, profesor de la misma y Profesor Titular de la Universidad Externado de Colombia. Es co-autor de varios libros y de numerosos artículos sobre desarrollo y política económica. |
| 650 14 - SUBJECT ADDED ENTRY--TOPICAL TERM | |
| Topical term or geographic name entry element | Procesos economía |
| 9 (RLIN) | 40216 |
| 650 24 - SUBJECT ADDED ENTRY--TOPICAL TERM | |
| Topical term or geographic name entry element | Estancamiento económico |
| 9 (RLIN) | 40217 |
| 650 24 - SUBJECT ADDED ENTRY--TOPICAL TERM | |
| Topical term or geographic name entry element | Acumulación y crisis |
| 9 (RLIN) | 40218 |
| 942 ## - ADDED ENTRY ELEMENTS (KOHA) | |
| Source of classification or shelving scheme | Dewey Decimal Classification |
| Koha item type | Books |
| Withdrawn status | Lost status | Source of classification or shelving scheme | Damaged status | Not for loan | Home library | Current library | Shelving location | Date acquired | Source of acquisition | Full call number | Barcode | Date last seen | Copy number | Price effective from | Koha item type |
|---|---|---|---|---|---|---|---|---|---|---|---|---|---|---|---|
| Dewey Decimal Classification | Biblioteca Pública José María del Castillo y Rada | Biblioteca Pública José María del Castillo y Rada | General Stacks | 04/15/2018 | Donación | 338.23 / F467d | 430005218 | 05/16/2024 | Ej.1 | 03/10/2021 | Books |